000 00479nam a2200193Ia 4500
005 20240823013452.0
008 240823s9999||||xx |||||||||||||| ||und||
020 _a81-8209-002-4
041 _aENGLISH
082 _A370.1524 P4
100 _aIndian Institute of Publishing
245 0 _aTest of English 100 tests in Verbal Reasoning
250 _a1st
260 _c2004
_bVijay N
500 _aTransfered
650 _aVerbal
_bEnglish
942 _cBK
999 _c167333
_d167333